MDQL
is popping MORE tags! Check the
thread
!
Quizzes
Events
Quiz Creation
Community
Videos
Private Events
Remove Ads
Sign In
Join for FREE
Feedback
Dark Mode
Quiz Categories
Sports
Geography
Music
Movies
Television
Just For Fun
Miscellaneous
History
Literature
Language
Science
Gaming
Entertainment
Religion
Holiday
For Kids
Quiz Lab
Recent
Popular Today
Quiz Kudos Today
Editor Picks
Curator Picks
Quizzes by...
Day
Popularity
Type
Ratings
Length
Year
Community
Subscriptions
Recent Discussions
Orange Saloon
Badges
Playlists
Quests
Create
Leaderboards
Showdown
Live 5
Trivia Bingo
Activity
Puzzle Library
Sporcle Events
Private Events
Virtual Trivia
Globe League
Become a Host
Pub Owners
SporcleCon
Opinionation
Our Games
Videos
Blog
Mobile Apps
Partnerships
Remove Ads and Go Orange
Feedback
History
US Presidents
World Leaders
Politics
Nation
Discovery
War
Decade
Year
Century
Biography
Art
History
US Presidents
World Leaders
Politics
Nation
Discovery
War
Decade
Year
Century
Biography
Art
Random Quiz
Search Sporcle
×
Quiz Lab
Quiz Lab
History
Svar
Type in answers that appear in a list
Type in answers that appear in a list
Classic
Best Score? Go Orange.
Kolonisering og kulturmøte Stats
Kolonisering og kulturmøte
By
LektorRise
20m
31 Questions
227 Plays
227 Plays
227 Plays
Comments
Comments
Give Quiz Kudos
Give Quiz Kudos
-
- Ratings
hide this ad
Forced Order
Answers have to be entered in order
Answers have to be entered in order
Wrong Answers
Some wrong answers will appear in red
Some wrong answers will appear in red
Random Order
Randomize order of answers
Randomize order of answers
Replay
Link that replays current quiz
Next Quiz
Link to next quiz in quiz playlist
You Got
0%
They Got
Avg Score
74%
Avg Friend Score
Upgrade to see
Score Distribution
Jump to the score distribution portion of the page
Score
0/31
Timer
20:00
0
Plays Today
Hint
Svar
% Correct
Kven vart den første til å finne sjøvegen til India?
???
86.1%
Kva kallast systemet der slavar vert eksportert til Amerika, som igjen sender råvarer til Europa som igjen sender ferdigvarer til Afrika?
???
85.2%
Kva europeiske land vart det første til å finne sjøvegen til Asia og byrje og handle der?
???
82.9%
Kva produkt var det viktigaste på plantasjane som portugisarane fanga slavar til?
???
82.9%
Kinesisk oppfinning som gjorde at europearane kunne ta over Asia med makt?
???
82.5%
Kvar fann portugisarane gull i Afrika?
???
80.6%
Kven fann at Amerika for europearane?
???
80.1%
Kor mange afrikanske slavar kryssa Atlanterhavet frå 1500 til 1700?
???
79.2%
Kva land dominerte koloniseringa av Amerika?
???
78.7%
Kven er den første til og leggje ut på ein vellykka jordomsegling?
???
77.8%
Kva heitte dei utdanna embetsmennene i Kina?
???
77.8%
Kinesisk oppfinning som gjorde det lettare å spreie kunnskap?
???
77.2%
Kva land dominerte handelen med aust-
Asia og, Arabia og Afrika før europearane kom?
???
76.9%
Kva italiensk oppdagingsreisande reiste til Kina landvegen på 1200-
talet og vart ein del av khanen sitt hoff?
???
76.4%
Kva heitte mongolherskaren som styrte Kina på 1200-
talet?
???
75%
Kva sentral by vart teken av muslimane i 1453 og gjorde at europearane måtte finne sjøvegen til India?
???
74.1%
Hint
Svar
% Correct
Kva språk snakka nederlendarane i Sør-
Afrika?
???
73.6%
Kva år vert Amerika gjenfunne av europearane?
???
73.1%
Kva land tok over krydderhandelen i Indonesia etter å ha pressa ut portugiserane?
???
72.7%
Kva handelspolitiske tanke dominert på 1500-
1700-
talet, der målet var å vere sjølvberga?
???
70.4%
Kva filosofi var grunnlaget for den kinesiske tenkemåten?
???
70.4%
Kva stort selskap vert oppretta av England og Nederland for å utkonkurrere dei andre?
???
69%
Kva by vart handelsknutepunkt for portugisarane sin handel med Aust-
Asia?
???
69%
Ghana var eit stort rike i Afrika i denne perioden kva to andre riker låg i samme region?
???
68.5%
Kva år kom det einaste skipet frå den første jordomseglinga fram til Spania?
???
67.6%
Kva år fann det første skipet sjøvegen til India frå Europa?
???
67.6%
Kva kallast nederlendarane som busette seg i Sør-
Afrika?
???
67.6%
Kva rike hadde erobra store landområder i Tyrkia slik at europearane måtte finne sjøvegen til India?
???
67.1%
Kva var det viktigast styringsorganet i afrikanske kulturar på 1400-
talet?
???
67.1%
Kva heitte kolonien med nederlanske nybyggjarar på spissen av Sør-
Afrika?
???
63.9%
Kva kallast tanken om at europearane måtte kjempe mot dei vantru gjennom ekspansjonen?
???
61.1%
Quiz Playlist
Details
Report
Send in Message
Add To Playlist
Classic:
Type in answers that appear in a list
Forced Order:
Answers have to be entered in order
Wrong Answers:
Some wrong answers will appear in red
Random Order:
Randomize order of answers
Last Updated: Feb 1, 2018
Quiz Scoreboard
CHALLENGE
Sign Up to Join the Scoreboard
Show All
Scores
Hide
Comments
May contain spoilers
Recently Published
Colored Red Africa Blitz
by spor1
Geography
30s
Find the 'City' Movie
by crazypaving
Movies
60s
5x2 Blitz: Bands
by SL_Kpop136
Music
30s
More to Explore
Quiz From the Vault
Featured Blog Post
14 Easter Pick-up Lines to Find Eggs With
hide this ad
You Might Also Like...
Tags
Svar
Today's Top Quizzes in History
Browse History
hide this ad
Top Contributed Quizzes in History
1
Popular People in 1991
2
US National Parks Named After People
3
Popular People in 1951
4
Popular People in 1941
5
Order Up: 1000 Years of World Events I
6
I Am Born On March 29th
7
Popular People in 1921
8
Popular People in 1981
9
Popular People in 1986
10
Popular People in 1976
Explore More
Trending Topics
Anime
NBA
Kpop
Crossword
Harry Potter
Disney
Marvel
Puzzle
NFL
WWE
Pokémon
Country
The Office
Song
Soccer
hide this ad
More By:
LektorRise
Quiz
Plays
Rating
Category
Featured
Created
Gresk antikk (klikking)
1,512
History
May 22, 2015
3. Ytre krefter (klikking) - 2023-24
1,079
Geography
Oct 17, 2018
Opplysningstid og den amerikanske revolusjon
1,053
History
Oct 19, 2012
Franske revolusjon
980
History
Oct 24, 2012
Den kalde krigen I
978
2.00
History
Mar 18, 2013
Go to Creator's Profile
Score Distribution
Quiz Creator Spotlight
LektorRise
Follow
Send a Message
Quizzes Created
-
Created Quiz Play Count
-
More By This Creator
Popular Quizzes Today
1
Colored Red Africa Blitz
2
Find the 'City' Movie
3
5x2 Blitz: Bands
4
Find the US States - No Outlines Minefield
5
The Countries of the World
6
Find the US States
7
US States
8
Find the Countries of Europe - No Outlines Minefield
More History Quizzes
New Zealand through other Subcategories
Editor's Pick
Trending Quizzes
Colored Red Europe Blitz I
Colored Red Africa Blitz II
Colored Red Europe Blitz II
Colored Red Africa Blitz III
Colored Red Europe Blitz III
Recently Updated
How Do You Spell That?
pecheneg
Godzilla Movies
pecheneg
Grab Bag: 4-10 Letters
pecheneg
2024 March Madness Bracket
pecheneg
Famous TV Couples
Peacemaker
Champions League XIs: Real Madrid
pecheneg
Largest US Cities 1790-2010
pecheneg
Rides in Walt Disney World
pecheneg
Most Oscar Losses (Acting)
pecheneg
Beyoncé Albums
pecheneg
Trending Topics
Crossword
NBA
Anime
Disney
Kpop
Harry Potter
Marvel
Soccer
Puzzle
WWE
The Office
NFL
Country
Song
Pokémon
Your Account Isn't Verified!
In order to create a playlist on Sporcle, you need to verify the email address you used during registration. Go to your
Sporcle Settings
to finish the process.
Report this User
Report this user for behavior that violates our
Community Guidelines
.
Details:
Send Report
Go to the Sporcle.com Mobile Site →
Comments